The Psychology of Driving on Rural Roads Development and Testing of a Model /

সংরক্ষণ করুন:
গ্রন্থ-পঞ্জীর বিবরন
প্রধান লেখক: Weller, Gert
সংস্থা লেখক: SpringerLink (Online service)
বিন্যাস: বৈদ্যুতিক বৈদ্যুতিন গ্রন্থ
ভাষা:ইংরেজি
প্রকাশিত: Wiesbaden : VS Verlag fr Sozialwissenschaften, 2010.
বিষয়গুলি:
অনলাইন ব্যবহার করুন:http://dx.doi.org/10.1007/978-3-531-92414-4
ট্যাগগুলো: ট্যাগ যুক্ত করুন
কোনো ট্যাগ নেই, প্রথমজন হিসাবে ট্যাগ করুন!

MARC

LEADER 00000nam a22000005i 4500
001 0000052622
005 20171002052922.0
007 cr nn 008mamaa
008 100705s2010 gw | s |||| 0|eng d
020 |a 9783531924144  |9 978-3-531-92414-4 
024 7 |a 10.1007/978-3-531-92414-4  |2 doi 
035 |a 0000002708 
035 |a (DE-He213)978-3-531-92414-4 
050 4 |a BF1-990 
072 7 |a JM  |2 bicssc 
072 7 |a PSY000000  |2 bisacsh 
082 0 4 |a 150  |2 23 
100 1 |a Weller, Gert. 
245 1 4 |a The Psychology of Driving on Rural Roads  |h [electronic resource] :  |b Development and Testing of a Model /  |c by Gert Weller. 
260 |a Wiesbaden :  |b VS Verlag fr Sozialwissenschaften,  |c 2010. 
300 |b digital. 
650 0 |a Philosophy (General). 
650 1 4 |a Psychology. 
650 2 4 |a Psychology, general. 
650 2 4 |a Psychology, general. 
710 2 |a SpringerLink (Online service) 
773 0 |t Springer eBooks 
776 0 8 |i Printed edition:  |z 9783531175294 
856 4 0 |u http://dx.doi.org/10.1007/978-3-531-92414-4 
908 |a 121203 
912 |a ZDB-2-BHS 
942 0 0 |c EB 
989 |a 1481627877 
999 |c 49554  |d 49554